000 nam a22 7a 4500
999 _c128543
_d128543
008 181112b xxu||||| |||| 00| 0 eng d
100 _aDewey, John
_910648
245 _aPhilosophy of education
_cJohn, Dewey
260 _aPaterson, New Jersey
_bLittlefield, Adams and Company
_c1958
300 _a311p. ;
_c20cm.
440 _aProblems of men
_n120
_pNew Student
_943370
942 _2lcc
_cMONOGRAPH